|
|
|
|
| LEADER |
00000nam a2200000 a 4500 |
| 001 |
vtls001293262 |
| 003 |
SK-MaSNL |
| 005 |
20260301065004.0 |
| 008 |
240316s1988 xr o 00 0 cze |
| 035 |
|
|
|a SNK000245026
|
| 040 |
|
|
|a SNK
|b slo
|c SNK
|e AACR2
|
| 041 |
0 |
|
|a cze
|
| 044 |
|
|
|a xr
|c CZ
|
| 080 |
|
|
|a 75
|2 2001
|
| 080 |
|
|
|a (031)
|2 2001
|
| 100 |
1 |
|
|a Mráz, Bohumír,
|d 1930-2001
|4 aut
|9 116229
|
| 245 |
1 |
0 |
|a Encyklopedie světového malířství
|c Bohumír Mráz, Marcela Mrázová
|
| 260 |
|
|
|a Praha
|b Academia
|c 1988
|
| 300 |
|
|
|a 630 s.
|b fotogr.
|c 27 cm
|
| 650 |
0 |
7 |
|a maliarstvo
|2 SNKPH
|9 812
|
| 655 |
|
7 |
|a encyklopédie
|2 SNKPH
|9 28776
|
| 700 |
1 |
|
|a Mrázová, Marcela
|4 aut
|9 383087
|
| 958 |
|
|
|a OND
|
| 999 |
|
|
|c 628992
|d 630922
|
| 952 |
|
|
|t P60, <04>, [BOOK], {604}
|a SNK
|b SNK
|y VYP
|7 0
|p 17A0196392
|o snkIB 63249
|0 0
|1 0
|4 0
|d 1999-06-11
|l 0
|r 2005-01-02 00:00:00
|w 2026-02-23
|
| 952 |
|
|
|t snkMRA 75(031)
|a SNKUST
|b SNKUST
|y PREZ
|7 0
|p 17A0075051
|o snkIB 63249 D1
|i snkKIP 13320/89
|0 0
|1 0
|4 0
|d 1997-07-03
|l 0
|r 2025-03-21 00:00:00
|w 2026-02-23
|